[Event "GER-chT U20"]
[Site "Magdeburg"]
[Date "2023.12.29"]
[Round "6.5"]
[White "Kieselbach, Marvin"]
[Black "Astner, Sebastian"]
[Result "0-1"]
[WhiteElo "1970"]
[BlackElo "1881"]
[PlyCount "97"]
[EventDate "2023.12.26"]
[EventType "team-swiss"]
[EventRounds "7"]
[EventCountry "GER"]
[SourceTitle "CB03_2024"]
[SourceDate "2024.01.17"]
[SourceVersion "1"]
[SourceVersionDate "2024.01.17"]
[SourceQuality "1"]
[WhiteTeam "Lehrte"]
[BlackTeam "Ergolding"]
[WhiteTeamCountry "GER"]
[BlackTeamCountry "GER"]

1. e4 Nc6 2. d4 d5 3. exd5 Qxd5 4. Nf3 e5 5. Nc3 Bb4 6. dxe5 Qxd1+ 7. Kxd1 Bg4 8. Bg5 Nxe5 9. Be2 Nxf3 10. Bxf3 Bxf3+ 11. gxf3 f6 12. Be3 0-0-0+ 13. Ke2 Ne7 14. Rad1 Bxc3 15. bxc3 Nd5 16. Rd3 Rhe8 17. Kd2 Nxe3 18. fxe3 Re5 19. Rxd8+ Kxd8 20. Rg1 g6 21. a4 Rd5+ 22. Ke2 Rh5 23. Rg2 Kd7 24. Kd3 Kd6 25. Kc4 Rh3 26. Rf2 Ke5 27. Kc5 Rh4 28. c4 Ke6 29. a5 Rh5+ 30. Kb4 Re5 31. Re2 g5 32. c5 h5 33. e4 f5 34. Kc4 fxe4 35. fxe4 g4 36. Kd4 h4 37. Rg2 Rg5 38. e5 g3 39. hxg3 Rxg3 40. Rh2 Rg4+ 41. Kc3 Kxe5 42. a6 bxa6 43. Kb3 Kd5 44. Kc3 Kxc5 45. Kb3 Rg3+ 46. Ka4 h3 47. c4 Kxc4 48. Rc2+ Rc3 49. Rxc3+ 0-1

[Event "Kiel op 35th"]
[Site "Kiel"]
[Date "2023.07.30"]
[Round "3"]
[White "Kieselbach, Marvin"]
[Black "Haertel, Leon"]
[Result "1-0"]
[WhiteElo "1870"]
[BlackElo "1367"]
[PlyCount "79"]
[EventDate "2023.07.29"]
[EventType "swiss"]
[EventRounds "9"]
[EventCountry "GER"]
[SourceTitle "CBM 215 Extra"]
[Source "ChessBase"]
[SourceDate "2023.09.30"]
[SourceVersion "1"]
[SourceVersionDate "2023.09.30"]
[SourceQuality "1"]

1. d4 d5 2. Nf3 Nf6 3. c4 e6 4. g3 Be7 5. Bg2 0-0 6. 0-0 dxc4 7. Qc2 Nbd7 8. Qxc4 Nb6 9. Qc2 c6 10. Rd1 Bd7 11. e4 Rc8 12. Nc3 c5 13. d5 exd5 14. exd5 Bd6 15. Bg5 h6 16. Ne4 Bf5 17. Nxf6+ gxf6 18. Qxf5 fxg5 19. Nd2 Qd7 20. Qf6 Be7 21. Qxh6 f5 22. Nf3 g4 23. Qg6+ Kh8 24. Ne5 Qe8 25. d6 Bf6 26. Qxe8 Rfxe8 27. d7 Bxe5 28. dxc8Q Rxc8 29. Bxb7 Rc7 30. Bd5 Bxb2 31. Rab1 Bd4 32. Be6 Re7 33. Bxf5 Re2 34. Rxd4 cxd4 35. Rd1 Rxa2 36. Rxd4 a5 37. Bxg4 a4 38. Be6 Ra1+ 39. Kg2 a3 40. Rb4 1-0

[Event "GER-ch U25-A"]
[Site "Willingen"]
[Date "2023.05.29"]
[Round "3"]
[White "Kieselbach, Marvin"]
[Black "Kieselbach, Jannik"]
[Result "1-0"]
[WhiteElo "1850"]
[BlackElo "1765"]
[PlyCount "69"]
[EventDate "2023.05.27"]
[EventType "swiss"]
[EventRounds "9"]
[EventCountry "GER"]
[SourceTitle "CBM 214 Extra"]
[Source "ChessBase"]
[SourceDate "2023.07.31"]
[SourceVersion "1"]
[SourceVersionDate "2023.07.31"]
[SourceQuality "1"]

1. Nf3 Nf6 2. d4 d5 3. c4 e6 4. g3 Be7 5. Bg2 0-0 6. 0-0 c6 7. Nc3 Nbd7 8. Qd3 dxc4 9. Qxc4 Nb6 10. Qd3 c5 11. Rd1 cxd4 12. Nxd4 Nbd5 13. Nxd5 exd5 14. Nf5 Be6 15. Bg5 h6 16. Nxe7+ Qxe7 17. Bxf6 Qxf6 18. Qb3 Qe5 19. Rd2 Rad8 20. Rad1 b6 21. Kf1 Rd6 22. Rd4 Rfd8 23. Qb5 g6 24. a4 a5 25. e4 Qf6 26. f4 Bd7 27. Qe2 Re8 28. e5 Qe7 29. Bxd5 Bh3+ 30. Kg1 Rdd8 31. Qd3 Qc5 32. Qxg6+ Kh8 33. Qxh6+ Kg8 34. Qg6+ Kh8 35. Qf6+ 1-0

[Event "Bremen Silvester op-A"]
[Site "Bremen"]
[Date "2022.12.30"]
[Round "7"]
[White "Weidenhoefer, Max"]
[Black "Kieselbach, Marvin"]
[Result "0-1"]
[WhiteElo "1847"]
[BlackElo "1872"]
[PlyCount "50"]
[EventDate "2022.12.27"]
[EventType "swiss"]
[EventRounds "7"]
[EventCountry "GER"]
[SourceTitle "CBM 211 Extra"]
[Source "ChessBase"]
[SourceDate "2023.01.31"]
[SourceVersion "1"]
[SourceVersionDate "2023.01.31"]
[SourceQuality "1"]

1. e4 e6 2. d4 d5 3. e5 c5 4. c3 Nc6 5. Nf3 Bd7 6. Be2 Rc8 7. 0-0 cxd4 8. cxd4 Nge7 9. Na3 Nf5 10. Nc2 Be7 11. Bd2 0-0 12. Bd3 f6 13. exf6 Bxf6 14. Bc3 Nh4 15. Nxh4 Bxh4 16. Qh5 g6 17. Qe2 Bf6 18. g3 Qb6 19. Rfd1 e5 20. dxe5 Bxe5 21. Bxe5 Nxe5 22. Qe3 Nxd3 23. Qxd3 Qxf2+ 24. Kh1 Rxc2 25. Qxd5+ Rf7 0-1

[Event "Bremen Silvester op-A"]
[Site "Bremen"]
[Date "2022.12.29"]
[Round "5"]
[White "Ruddat, Jarne"]
[Black "Kieselbach, Marvin"]
[Result "1-0"]
[WhiteElo "1699"]
[BlackElo "1872"]
[PlyCount "96"]
[EventDate "2022.12.27"]
[EventType "swiss"]
[EventRounds "7"]
[EventCountry "GER"]
[SourceTitle "CBM 211 Extra"]
[Source "ChessBase"]
[SourceDate "2023.01.31"]
[SourceVersion "1"]
[SourceVersionDate "2023.01.31"]
[SourceQuality "1"]

1. e4 c5 2. Nf3 Nc6 3. Bb5 g6 4. Bxc6 bxc6 5. h3 Bg7 6. c3 d6 7. 0-0 e5 8. d4 cxd4 9. cxd4 f5 10. exf5 e4 11. fxg6 hxg6 12. Nh2 Qh4 13. Qc2 Ne7 14. Nc3 d5 15. Be3 g5 16. Qe2 Ng6 17. f3 Qg3 18. Qf2 Rxh3 19. Qxg3 Rxg3 20. Kf2 Bf8 21. Kxg3 Bd6+ 22. Kf2 Bxh2 23. g3 Rb8 24. b3 Rb7 25. Rh1 Rh7 26. fxe4 Rh3 27. Ne2 dxe4 28. Kg2 Nh4+ 29. gxh4 Rxe3 30. Rxh2 Rxe2+ 31. Kg1 Rxh2 32. Kxh2 gxh4 33. Rf1 Be6 34. Rf4 Bd5 35. Rxh4 a5 36. Rh8+ Kd7 37. Ra8 e3 38. Kg1 Ke6 39. Rxa5 Kf5 40. Kf1 Ke4 41. Ke2 Bf7 42. Re5+ Kxd4 43. Rxe3 c5 44. Re7 Bh5+ 45. Kd2 Bg4 46. a4 c4 47. bxc4 Kc5 48. Kc3 Bc8 1-0

[Event "Bremen Silvester op-A"]
[Site "Bremen"]
[Date "2022.12.27"]
[Round "2"]
[White "Kieselbach, Marvin"]
[Black "Wiley, Tom E"]
[Result "1/2-1/2"]
[WhiteElo "1872"]
[BlackElo "2125"]
[PlyCount "64"]
[EventDate "2022.12.27"]
[EventType "swiss"]
[EventRounds "7"]
[EventCountry "GER"]
[SourceTitle "CBM 211 Extra"]
[Source "ChessBase"]
[SourceDate "2023.01.31"]
[SourceVersion "1"]
[SourceVersionDate "2023.01.31"]
[SourceQuality "1"]

1. e4 Nf6 2. e5 Nd5 3. c4 Nb6 4. d4 d6 5. f4 dxe5 6. fxe5 Nc6 7. Be3 Bf5 8. Nc3 e6 9. Nf3 Bg4 10. a3 Qd7 11. Qd2 Be7 12. Ne4 Bf5 13. Ng3 Bg6 14. Be2 a5 15. 0-0 a4 16. h4 Na5 17. Qc3 h6 18. h5 Bh7 19. Rad1 0-0 20. d5 exd5 21. c5 Nc8 22. Nd4 Nc6 23. Nxc6 bxc6 24. Rd4 Rb8 25. Rxa4 Bg5 26. Rg4 Bxe3+ 27. Qxe3 Kh8 28. Qd4 Qe7 29. b4 Na7 30. a4 Rbe8 31. Rgf4 Kg8 32. Qf2 Qxe5 1/2-1/2

[Event "GER-ch Youth-B"]
[Site "Willingen"]
[Date "2022.06.07"]
[Round "4"]
[White "Kieselbach, Marvin"]
[Black "Hofmann, Benjamin1111"]
[Result "1-0"]
[WhiteElo "1662"]
[BlackElo "1483"]
[PlyCount "79"]
[EventDate "2022.06.04"]
[EventType "swiss"]
[EventRounds "9"]
[EventCountry "GER"]
[SourceTitle "CBM 208 Extra"]
[Source "ChessBase"]
[SourceDate "2022.07.31"]
[SourceVersion "1"]
[SourceVersionDate "2022.07.31"]
[SourceQuality "1"]

1. e4 e5 2. Nf3 Nc6 3. Bb5 a6 4. Ba4 Bc5 5. 0-0 b5 6. Bb3 Nf6 7. d3 h6 8. c3 d6 9. d4 exd4 10. cxd4 Ba7 11. e5 dxe5 12. d5 Ne7 13. Nxe5 Nexd5 14. Nc6 Qd6 15. Nxa7 Rxa7 16. Re1+ Be6 17. Nd2 0-0 18. Ne4 Nxe4 19. Rxe4 c5 20. Bf4 Qc6 21. Be5 c4 22. Bc2 Nb4 23. Bb1 Rd7 24. Rd4 Rfd8 25. Rxd7 Rxd7 26. Qe2 Nd3 27. Bc2 Qc5 28. Bg3 Qd4 29. Rd1 Qxb2 30. Rb1 Qc3 31. h4 Nxf2 32. Bxf2 Rd2 33. Rd1 Rxc2 34. Rd8+ Kh7 35. Qe4+ f5 36. Qxe6 Qa1+ 37. Kh2 Qf6 38. Qg8+ Kg6 39. Qe8+ Kh7 40. h5 1-0

[Event "GER-ch U14"]
[Site "Willingen"]
[Date "2021.08.25"]
[Round "4"]
[White "Schoen, Florian"]
[Black "Kieselbach, Marvin"]
[Result "1-0"]
[WhiteElo "1642"]
[BlackElo "1592"]
[PlyCount "61"]
[EventDate "2021.08.22"]
[EventType "swiss"]
[EventRounds "9"]
[EventCountry "GER"]
[SourceTitle "EXT 2022"]
[Source "ChessBase"]
[SourceDate "2021.10.06"]
[SourceVersion "1"]
[SourceVersionDate "2021.10.06"]
[SourceQuality "1"]

1. e4 e6 2. d4 d5 3. Nc3 Bb4 4. exd5 exd5 5. Bd3 Nf6 6. a3 Bd6 7. h3 c6 8. Qf3 Be6 9. Nge2 Nbd7 10. 0-0 h6 11. Nf4 Nf8 12. Bd2 Qc7 13. b4 N6h7 14. Rfe1 0-0-0 15. Bxh7 Rxh7 16. b5 g5 17. Nxe6 fxe6 18. Qd3 c5 19. dxc5 Bxc5 20. Na4 Bd6 21. b6 axb6 22. Be3 Bc5 23. Qb5 d4 24. Bd2 e5 25. Rab1 Nd7 26. Bb4 Rf8 27. Nxb6+ Kd8 28. Nxd7 Bxb4 29. Qxb4 Rxf2 30. Kxf2 Kxd7 31. Qxb7 1-0

[Event "GER-ch U14"]
[Site "Willingen"]
[Date "2021.08.24"]
[Round "3"]
[White "Von Mettenheim, Johannes"]
[Black "Kieselbach, Marvin"]
[Result "1-0"]
[WhiteElo "1953"]
[BlackElo "1592"]
[PlyCount "83"]
[EventDate "2021.08.22"]
[EventType "swiss"]
[EventRounds "9"]
[EventCountry "GER"]
[SourceTitle "EXT 2022"]
[Source "ChessBase"]
[SourceDate "2021.10.06"]
[SourceVersion "1"]
[SourceVersionDate "2021.10.06"]
[SourceQuality "1"]

1. d4 e6 2. c4 f5 3. g3 d5 4. Bg2 Nf6 5. Nc3 c6 6. Nf3 Be7 7. 0-0 Nbd7 8. Qc2 Ne4 9. Ne5 Nxe5 10. dxe5 h5 11. Nxe4 dxe4 12. h4 g5 13. hxg5 Bxg5 14. Rd1 Qe7 15. Bxg5 Qxg5 16. Qd2 Qxd2 17. Rxd2 Bd7 18. Rad1 0-0-0 19. c5 h4 20. e3 Rh7 21. gxh4 Rg8 22. Kf1 Be8 23. Rd8+ Kc7 24. Ra8 Bf7 25. Rxg8 Bxg8 26. Ke2 Rxh4 27. Rh1 Rxh1 28. Bxh1 Bf7 29. f3 Bh5 30. Kf2 exf3 31. Bxf3 Be8 32. Kg3 a5 33. Kf4 b6 34. Kg5 bxc5 35. Kf6 Bd7 36. Ke7 Bc8 37. Be2 a4 38. a3 c4 39. Bxc4 Kb6 40. Kd6 c5 41. Bxe6 Bb7 42. Bd7 1-0

[Event "Niedersachsen-ch op B"]
[Site "Verden"]
[Date "2019.01.04"]
[Round "3"]
[White "Hoke, Joshua Sky"]
[Black "Kieselbach, Marvin"]
[Result "1-0"]
[WhiteElo "1672"]
[BlackElo "1501"]
[PlyCount "61"]
[EventDate "2019.01.03"]
[EventType "swiss"]
[EventRounds "7"]
[EventCountry "GER"]
[SourceTitle "EXT 2022"]
[Source "ChessBase"]
[SourceDate "2021.10.06"]
[SourceVersion "1"]
[SourceVersionDate "2021.10.06"]
[SourceQuality "1"]

1. e4 e6 2. d4 d5 3. Nd2 dxe4 4. Nxe4 Nd7 5. Nf3 Ngf6 6. Nxf6+ Nxf6 7. Bg5 Be7 8. Bd3 c5 9. dxc5 Bxc5 10. 0-0 Qc7 11. Qe2 b6 12. Rad1 0-0 13. Bxf6 gxf6 14. Qe4 f5 15. Qh4 f6 16. Bb5 a6 17. Bc4 Qg7 18. Nd4 Re8 19. Nxf5 Qg6 20. Qe4 Kh8 21. Ng3 Qf7 22. Qxa8 Bb7 23. Qa7 Ra8 24. Qxa8+ Bxa8 25. Rd8+ Kg7 26. Rxa8 Qb7 27. Rd8 e5 28. Rfd1 Kh6 29. Rg8 b5 30. Nf5+ Kh5 31. Be2+ 1-0

[Event "GER-ch U25-B"]
[Site "Willingen"]
[Date "2018.05.24"]
[Round "7"]
[White "Poggemann, Alexander"]
[Black "Kieselbach, Marvin"]
[Result "1-0"]
[WhiteElo "1595"]
[BlackElo "1496"]
[PlyCount "121"]
[EventDate "2018.05.19"]
[EventType "swiss"]
[EventRounds "9"]
[EventCountry "GER"]
[SourceTitle "CBM 184 Extra"]
[Source "ChessBase"]
[SourceDate "2018.06.28"]
[SourceVersion "1"]
[SourceVersionDate "2018.06.28"]
[SourceQuality "1"]

1. e4 c6 2. d4 d5 3. Nc3 h6 4. Nf3 Nf6 5. Bd3 dxe4 6. Nxe4 Nxe4 7. Bxe4 Nd7 8. 0-0 Nf6 9. Bd3 Bg4 10. h3 Bxf3 11. Qxf3 Qxd4 12. c3 Qd5 13. Qe2 e6 14. Bf4 Bd6 15. Bc4 Qc5 16. b4 Qf5 17. Bxd6 Ne4 18. Be5 Qxe5 19. Bd3 f5 20. f3 0-0-0 21. Rad1 Qxc3 22. fxe4 Qxb4 23. exf5 exf5 24. Bxf5+ Kb8 25. Qe5+ Ka8 26. Rxd8+ Rxd8 27. Rb1 Qd4+ 28. Qxd4 Rxd4 29. Re1 a5 30. Re7 g5 31. Rh7 Rd6 32. Re7 Ka7 33. Bc8 Rd1+ 34. Kh2 Rb1 35. Rh7 Rb2 36. Be6 c5 37. Rxh6 Rb6 38. Rg6 c4 39. Bf7 Rxg6 40. Bxg6 Kb6 41. g4 Kc5 42. h4 gxh4 43. g5 Kd6 44. Bf7 c3 45. Bb3 Ke5 46. Kh3 b5 47. Kxh4 a4 48. Bc2 Kd4 49. g6 Ke3 50. g7 Kd2 51. Bf5 c2 52. Bxc2 Kxc2 53. g8Q Kb2 54. Kg3 b4 55. Kf3 Ka1 56. Ke3 b3 57. axb3 axb3 58. Kd3 b2 59. Qa8+ Kb1 60. Kc3 Kc1 61. Qh1# 1-0